ČSN 441570 Chemický rozbor železných rud Stanovení kysličníku mangánatého
| Format: | Book |
|---|---|
| Language: | Undetermined |
| PhysicalDescription: | 5 s. |
| Published: |
Praha
ÚNM
1971
|
MARC
| LEADER | 00000nam a2200000 a 4500 | ||
|---|---|---|---|
| 001 | vtls001360968 | ||
| 003 | SK-MaSNL | ||
| 005 | 20260224065027.0 | ||
| 008 | 210928s1971 xx 0 und | ||
| 035 | |a SNK000314537 | ||
| 040 | |a SNK |b slo |c SNK |e AACR2 | ||
| 245 | 1 | |a ČSN 441570 Chemický rozbor železných rud |b Stanovení kysličníku mangánatého | |
| 260 | |a Praha |b ÚNM |c 1971 | ||
| 300 | |a 5 s. | ||
| 958 | |a OND | ||
| 999 | |c 893236 |d 895166 | ||
| 952 | |t P60, <04>, [BOOK], {604} |a SNK |b SNK |y VYP |7 0 |p 17A0190951 |o snkČSN 442570/část 8 |0 0 |1 0 |4 0 |d 1999-04-21 |l 0 |r 2005-01-02 00:00:00 |w 2026-02-24 | ||


